| 000 | 00528nam a22001937a 4500 | ||
|---|---|---|---|
| 003 | OSt | ||
| 005 | 20180116183029.0 | ||
| 008 | 151217b xxu||||| |||| 00| 0 eng d | ||
| 020 | _a02-608-98-1 | ||
| 024 | _202-608-98-1 | ||
| 040 | _cLahore LUMS | ||
| 082 | _a174.4 LUM 1998 | ||
| 100 | _aLatif S, Sipra N | ||
| 245 |
_aZULFIQAR SUGAR MILLS _cLatif S, Sipra N |
||
| 260 |
_aLahore LUMS _bLahore University of Management Sciences _c1998 |
||
| 300 |
_a12 p. _bPapers |
||
| 440 | _aZULFIQAR SUGAR MILLS | ||
| 942 |
_2ddc _cCS |
||
| 999 |
_c350911 _d350911 |
||